000 00723nam a2200217 i 4500
999 _c110041
_d110041
001 C2-0307270
003 PPAK
005 20190627104650.0
008 110118s1987 my |||| ||||| | may d
040 _aPPAK
_beng
_cPPAK
_erda
082 0 4 _a352.09595112
_223
090 0 0 _a352.09595112
_bKAJ
_dKK
245 0 0 _aKajian organisasi pentadbiran Pulau Langkawi dan isu-isu lain yang berkaitan dengan pembangunan pulau ini
_bPeringkat II
264 1 _a[Kuala Lumpur] :
_bUnit Pemodenan Tadbiran Malaysia ,
_c1987
300 _a110 pages [lampiran] ;
_c30 cm
336 _2rdacontent
_atext
337 _2rdamedia
_aunmediated
338 _2rdacarrier
_avolume
650 1 0 _aKedah - Politics and government
942 _cB
_2ddc